Introducción a la Archivología (Registro nro. 305081)
[ vista simple ]
| 000 -ENCABEZADO | |
|---|---|
| Número de control [NR] | 01507nam a2200301 4500 |
| 005 - FECHA Y HORA DE LA ÚLTIMA TRANSACCIÓN | |
| control field | 20161011141002.0 |
| 008 - DE LONGITUD FIJA DE DATOS DE ELEMENTOS - INFORMACIÓN GENERAL | |
| Elementos de longitud fija [NR] | 160927s1997 ck a|||fr|||| 001 0 spa d |
| 020 ## - NUMERO INTERNACIONAL NORMALIZADO PARA LIBROS [R] | |
| Número Internacional Normalizado del libro [NR] | 9589298664 |
| 040 ## - FUENTE DE CATALOGACION [NR] | |
| Agencia de catalogación original [NR] | CO-BoUCM |
| Idioma de catalogación [NR] | spa |
| Quien Cataloga | Sandra Yazo |
| Quien Clasifica | Sandra Yazo |
| 041 0# - CODIGO DE IDIOMA [R] | |
| Código de idioma para texto/pista de sonido o título separado [R] | Español |
| 082 04 - NUMERO DE CLASIFICACION DECIMAL DEWEY [R] | |
| Número de la edición [NR] | 20 |
| Número de clasificación [R] | 027 |
| 092 ## - SIGNATURA TOPOGRAFICA LOCAL | |
| Número de clasificación local | E63N082 |
| 100 1# - ASIENTO PRINCIPAL--NOMBRE PERSONAL [NR] | |
| Nombre personal [NR] | Vázquez, Manuel |
| ID Autoridad | 81005 |
| 245 10 - MENCION DE TITULO [NR] | |
| Título [NR] | Introducción a la Archivología |
| Mención de responsabilidad, etc. [NR] | Manuel Vázquez |
| 260 ## - PUBLICACION, DISTRIBUCION, ETC. (PIE DE IMPRENTA) [R] | |
| Lugar de publicación, distribución, etc. [R] | Bogotá (Colombia) |
| Nombre del editor, distribuidor, etc. [R] | Archivo General de la Nación |
| Fecha de publicación, distribución, etc. [R] | 1997 |
| 300 ## - DESCRIPCION FISICA [R] | |
| Extensión [R] | 122 páginas |
| Dimensiones [R] | 24 x 17 cm |
| 500 ## - NOTA GENERAL [R] | |
| Nota general [NR] | Detalles físicos: Encuadernación flexible en cartulina, datos de publicación impresos en las tapas. Portada sencilla. Texto en una columna con gráficos entre el texto. Ejemplar en buen estado de conservación |
| 505 0# - NOTA DE CONTENIDO CON FORMATO PREESTABLECIDO [R] | |
| Nota de contenido con formato preestablecido [NR] | Comunicación, información, documento ; Documento de archivo ; El ciclo documental de archivo ; La archivalía ; El archivo ; Los sistemas de archivos ; Política archivística ; El archivero o administrador de documentos y archivos ; La archivología o ciencia de la administración de documentos y archivos |
| 506 ## - NOTA DE RESTRICCIONES DE ACCESO [R] | |
| Condiciones de acceso [NR] | Consulta en sala |
| 650 #7 - ASIENTO SECUNDARIO DE MATERIA - TERMINO TEMATICO [R] | |
| 9 (RLIN) | 9320 |
| Término temático o nombre geográfico como elemento de entrada [NR] | Archivística |
| Subdivisión de forma [R] | Manuales |
| 650 #7 - ASIENTO SECUNDARIO DE MATERIA - TERMINO TEMATICO [R] | |
| 9 (RLIN) | 8530 |
| Término temático o nombre geográfico como elemento de entrada [NR] | Administración de archivos |
| Subdivisión de forma [R] | Manuales |
| 690 ## - ASUNTO AGREGADO LOCAL DE ENTRADA - TÉRMINO TEMÁTICO (OCLC, RLIN) | |
| Acceso temático local | Bibliotecología |
| 9 (RLIN) | 10049 |
| 700 1# - ASIENTO SECUNDARIO - NOMBRE PERSONAL [R] | |
| Nombre personal [NR] | Rincón Herrera, Alba |
| 9 (RLIN) | 81006 |
| 700 1# - ASIENTO SECUNDARIO - NOMBRE PERSONAL [R] | |
| Nombre personal [NR] | Sánchez Yopazá, Wilson |
| 9 (RLIN) | 81007 |
| 700 1# - ASIENTO SECUNDARIO - NOMBRE PERSONAL [R] | |
| Nombre personal [NR] | Triana Torres, Jorge William |
| 9 (RLIN) | 81008 |
| 710 2# - ASIENTO SECUNDARIO - NOMBRE CORPORATIVO [R] | |
| 9 (RLIN) | 3870 |
| Nombre corporativo o de jurisdicción como elemento de entrada [NR] | Archivo General de la Nación (Colombia) |
| 942 ## - ELEMENTOS DE ENTRADA AGREGADOS (KOHA) | |
| Sistema de clasificación | LOCAL |
| Tipo de ítem principal el descrito en 300a | Libro |
| Edición | 1 |
| Clasificación | E63N082 |
| Suprimido | Perdido | Sistema de clasificación | Dañado | No prestable | Tipo de ítem específico | Ubicación habitual | Ubicación actual | Localización | Fecha de creación | Forma de adquisición | Total préstamos | Signatura topográfica | Código de barras | Última vez visto | Ejemplar | Price effective from | Tipo de ítem |
|---|---|---|---|---|---|---|---|---|---|---|---|---|---|---|---|---|---|
| LOCAL | Libro archivo | Archivo Histórico | Archivo Histórico | Archivo histórico | 11/10/2016 | Donación | E63N082 | L005918 | 11/10/2016 | Ej.1 | 11/10/2016 | Libro |